| Tag |
First Indicator |
Second Indicator |
Subfields |
| LEADER |
00000pam a2200000 a 4500 |
| 001 |
in00000076099 |
| 005 |
20151008060426.0 |
| 008 |
800715s1981 lau b s00010 engm |
| 010 |
|
|
|a 80024074
|
| 020 |
|
|
|a 0807107689 :
|c $12.50
|
| 035 |
|
|
|a (OCoLC)06580189
|
| 035 |
|
|
|9 AAJ5724AM
|
| 040 |
|
|
|a DLC
|c DLC
|d m.c.
|d TXA
|d UtOrBLW
|
| 043 |
|
|
|a n-usu--
|a n-us---
|
| 049 |
|
|
|a TXAM
|c [1196453]
|
| 050 |
0 |
0 |
|a PS261
|b .Y6
|
| 082 |
0 |
|
|a 813/.52/09
|2 19
|
| 100 |
1 |
|
|a Young, Thomas Daniel,
|d 1919-1997.
|
| 245 |
1 |
4 |
|a The past in the present :
|b a thematic study of modern Southern fiction /
|c Thomas Daniel Young.
|
| 264 |
|
1 |
|a Baton Rouge :
|b Louisiana State University Press,
|c [1981]
|
| 264 |
|
4 |
|c ©1981
|
| 300 |
|
|
|a xvii, 189 pages ;
|c 23 cm.
|
| 336 |
|
|
|a text
|b txt
|2 rdacontent
|
| 337 |
|
|
|a unmediated
|b n
|2 rdamedia
|
| 338 |
|
|
|a volume
|b nc
|2 rdacarrier
|
| 490 |
1 |
|
|a Southern literary studies
|
| 504 |
|
|
|a Includes bibliographical references.
|
| 650 |
|
0 |
|a American fiction
|z Southern States
|x History and criticism.
|
| 650 |
|
0 |
|a American fiction
|y 20th century
|x History and criticism.
|
| 830 |
|
0 |
|a Southern literary studies.
|
| 999 |
|
|
|a MARS
|
| 999 |
f |
f |
|s 43cdab24-2181-3dd4-b664-a55f69289c32
|i 1414ad9a-1d6b-3795-b0a5-e67cfefe90ec
|t 0
|
| 952 |
f |
f |
|p ric
|a Texas A&M University
|b Rellis Campus
|c Joint Library Facility
|d Remote Storage
|t 0
|e PS261 .Y6
|h Library of Congress classification
|i unmediated -- volume
|m A14806188683
|
| 998 |
f |
f |
|a PS261 .Y6
|t 0
|l Remote Storage
|